bekende voetbalspelers - Statistieken

Algemene statistieken
  • Deze quiz is 2.241 keer genomen
  • De gemiddelde score is 11 van 15
Antwoordstatistieken
naam club % Correct
neymar psg
92%
mbappe psg
92%
hazard real madrid
89%
ramos real madrid
89%
ronaldo juventus
83%
pogba manchester united
83%
donny van de beek manchester united
83%
de brunye manchester city
82%
kante chelsea
78%
suarez atletico madrid
76%
harry kane Tottenham hotspur
64%
son Tottenham hotspur
64%
messi barcalona
48%
griezman barcalona
48%
depay olympiqe lyon
9%
Geen overeenkomende quizzen gevonden
Scoreverdeling
Procent van Mensen met Elke Score
Percentiel versus Aantal Correcte Antwoorden
Uw Scoregeschiedenis
U heeft deze quiz nog niet genomen